• 首页
  • 本馆介绍
  • 公告通知
  • 最新文献
  • 馆藏检索
  • 电子资源
  • 读者导购
  • 参考咨询
  • 我的图书馆
  • 登录
  • 详细信息显示
  • 放入我的书架
  • 预约/预借图书
  • 作者相关作品
  • 分类相关作品
  • 丛书相关作品
  • 出版社相关作品

书目信息

  • 表格格式
  • 工作单格式
  • 卡片格式
题名:
档案史话
    
 
作者: ;档案工作编辑部 编
分册:  
出版信息: 北京   档案出版社  1985
页数: 253页
开本: 19cm
丛书名:
单 册:
中图分类: G279.29
科图分类:
主题词: 档案工作--文化史--中国--文集
电子资源:
ISBN:
000 00623nam0 2200229 45
001 0185003160
005 20060809085500.92
010    @dCNY1.05
091    @aCN@b7203.022
100    @a19900816d1985 emky0chiy0121 ea
101 0  @achi
102    @aCN@b110000
105    @ay z 000yy
200 10 @a档案史话@Adang an shi hua@f《档案工作》编辑部编
210    @a北京@c档案出版社@d1985
215    @a253页@d19cm
606    @a档案工作@x文化史@y中国@x文集
690    @aG279.29@v3
711 02 @a档案工作编辑部@Adang an gong zuo bian ji bu@4编
801  2 @aCN@bNLC@c20060809
801  0 @aCN@bTSSF
905    @a10447@dG279.29@e35
    
    档案史话/《档案工作》编辑部编.-北京:档案出版社,1985
    253页;19cm
    
    
    ISBN :CNY1.05
    
●
相关链接 在E读中查询图书 在五车中查询图书 在当当中查询图书 在豆瓣中查询图书


正题名:档案史话     索取号:G279.29/35         预约/预借

序号 登录号 条形码 馆藏地/架位号 状态 备注
1 0447731   204477315   密集书库/ [索取号:G279.29/35] 在馆    
2 0447740   204477404   密集书库/ [索取号:G279.29/35] 在馆    
唐山师范学院图书馆 欢迎您!
大连网信软件有限公司© 版权所有